000 00322nam a2200133Ia 4500
008 150201s2007 xx 000 0 und d
082 _a610
_bE07L
100 _aLUTHRA,ATUL
245 _aECG MADE EASY
250 _a3RD
260 _bJAYPEE BROTHERS
_aDELHI
_c2007
650 _aMEDICINE AND DIAGNOSIS
942 _2ddc
_cBK
_020
999 _c1071
_d1071